000 00596nam a2200229Ia 4500
003 OSt
005 20221006164909.0
006 a|||||r|||| 00| 0
007 ta
008 221006b |||||||| |||| 00| 0 eng d
024 _a461
037 _cTextual
040 _aFML
_cFML
_beng
041 _2eng
_aeng
082 _aNR55wL56, K2
100 _aDent Edword J. Au.
_9678630
245 0 _aMozart's Opera
260 _aLondon
_bOxford University Press
_c1962
300 _a276
_ccm.
942 _hNR55wL56, K2
_cTEXL
_2CC
999 _c1118867
_d1118867